| 000 | 00343nam a2200145Ia 4500 | ||
|---|---|---|---|
| 100 | _aChatterji/ B.N. | ||
| 650 | _aElectrical Engineering | ||
| 942 | _cBK | ||
| 654 | _aDigital Computer Technology | ||
| 245 | _aDigital Computer Technology | ||
| 260 |
_bKhanna publishers _aNew Delhi |
||
| 082 | _a4.1 | ||
| 300 | _a375 | ||
| 546 | _aENGLISH | ||
| 999 |
_c27010 _d27010 |
||